000 00598cam a2200217 4500
008 090401t1989 xxu||||| |||| 00| 0 eng d
020 _a0948974052
035 _a(Sirsi) u15016
041 _aeng
050 _a615.9
110 _aLondon Hazards Centre
_92141
245 _aToxic treatment :wood preservative hazards at work and in the home
260 _aLondon
_bLondon Hazards Centre
_c1989
300 _av,206p. : ill. ; 21cm.
350 _a5.95
490 _aLondon Hazards Centre Handbook
650 _aPOISONS
650 _aWOOD PRESERVATIVES
942 _n0
948 _c04/03/1997
999 _c87240
_d87240